00577nam a22001577a 4500020000800000040001600008082001300024100003700037245012100074250001300195260005200208300003300260942001200293999001900305952009500324 qHB. cFIZZA ISHAQ a909bWIL a Williams , Henry Smith.9134324 aThe historians' history of the world in twenty-five volumes, volume XX-ENGLAND,1642-1791 /c Williams , Henry Smith. aVol : XX a New York:b Press of J. J. Little & Co,c1904. axii ; 663 P. ; ill. ;c27 cm 2ddccBK c617308d617308 00102ddc4070aNQCbNQCcREFd2026-05-05l0o909 WILpQD-358r2026-05-05w2026-05-05yBK